Spatial Transformations (Record no. 14218)

MARC details
000 -LEADER
fixed length control field 00774nam a2200121Ia 4500
008 - FIXED-LENGTH DATA ELEMENTS--GENERAL INFORMATION
fixed length control field 220615s9999||||xx |||||||||||||| ||und||
245 #0 - TITLE STATEMENT
Title Spatial Transformations
Remainder of title Kaleidoscopic Perspectives on the Refiguration of Spaces
546 ## - LANGUAGE NOTE
Language note English[eng]
650 ## - SUBJECT ADDED ENTRY--TOPICAL TERM
Topical term or geographic name entry element architecture||communication||communicative construction||dislocation||experiences||geography||interconnectedness||knowledge production||materialities||mediatization||migration||place||planning||refiguration||social construction||sociology||socio-spatial||space||space making||spatialities||transformation||transnationalization
700 ## - ADDED ENTRY--PERSONAL NAME
Personal name Million, Angela||Haid, Christian||Castillo Ulloa, Ignacio||Baur, Nina
856 ## - ELECTRONIC LOCATION AND ACCESS
Uniform Resource Identifier <a href="https://library.oapen.org/bitstream/20.500.12657/50903/1/9781000462715.pdf">https://library.oapen.org/bitstream/20.500.12657/50903/1/9781000462715.pdf</a>
942 ## - ADDED ENTRY ELEMENTS (KOHA)
Koha item type E-Books
Holdings
Withdrawn status Lost status Damaged status Not for loan Home library Current library Date acquired Total Checkouts Date last seen Price effective from Koha item type
        Kerala University of Digital Sciences, Innovation and Technology Knowledge Centre Kerala University of Digital Sciences, Innovation and Technology Knowledge Centre 15/06/2022   15/06/2022 15/06/2022 E-Books